Políticas de seguridad ciudadana en Nicaragua /
Պահպանված է:
| Հիմնական հեղինակ: | |
|---|---|
| Ձևաչափ: | Տեքստ |
| Ցուցիչներ: |
Ավելացրեք ցուցիչ
Չկան պիտակներ, Եղեք առաջինը, ով նշում է այս գրառումը!
|
MARC
| LEADER | 00000 a a2200000 04500 | ||
|---|---|---|---|
| 001 | 4977 | ||
| 003 | |||
| 040 | |||
| 100 | |a Montealegre Callejas, Franco | ||
| 245 | |a Políticas de seguridad ciudadana en Nicaragua / |c Franco Montealegre Callejas | ||
| 773 | |g número 36; páginas 11-15 | ||
| 999 | |c 22356 |d 22356 | ||
